LEADER 01457nam 2200373 n 450 001 996390365203316 005 20221107220528.0 035 $a(CKB)1000000000650949 035 $a(EEBO)2240875854 035 $a(UnM)99859791 035 $a(EXLCZ)991000000000650949 100 $a19850531d1644 uy | 101 0 $aeng 135 $aurbn||||a|bb| 200 12$aA sermon preached to the honourable House of Commons, at their late solemne fast, Wednesday, December 27. 1643$b[electronic resource] /$fBy Alexander Henderson, minister at Edenbrugh. Published by order of the House 210 $aLondon $cPrinted for Robert Bostock, dwelling at the signe of the Kings-head in Pauls Churchyard$d1644 215 $a[4], 36 p 300 $aAnnotation on Thomason copy: "Jan: 12th 1643". 300 $aReproduction of the original in the British Library. 330 $aeebo-0018 606 $aFast-day sermons$y17th century 606 $aSermons, English$y17th century 615 0$aFast-day sermons 615 0$aSermons, English 700 $aHenderson$b Alexander$f1583?-1646.$01003757 712 02$aEngland and Wales.$bParliament.$bHouse of Commons. 801 0$bCu-RivES 801 1$bCu-RivES 801 2$bCStRLIN 801 2$bWaOLN 906 $aBOOK 912 $a996390365203316 996 $aA sermon preached to the Honourable House of Commons, at their late solemne fast, Wednesday, December 27, 1643$92329389 997 $aUNISA